[Event "Colonia de Sant Jordi op-B"]
[Site "Colonia de Sant Jordi"]
[Date "2022.06.05"]
[Round "5"]
[White "Marin Ferragut, Lluc"]
[Black "Montoro Gazquez, Mario"]
[Result "0-1"]
[WhiteElo "1049"]
[BlackElo "1069"]
[PlyCount "96"]
[EventDate "2022.06.03"]
[EventType "swiss"]
[EventRounds "6"]
[EventCountry "ESP"]
[SourceTitle "CBM 208 Extra"]
[Source "ChessBase"]
[SourceDate "2022.07.31"]
[SourceVersion "1"]
[SourceVersionDate "2022.07.31"]
[SourceQuality "1"]

1. e4 c5 2. Nf3 d6 3. h3 Nc6 4. Nc3 e5 5. d3 Nf6 6. Bg5 Be7 7. Be2 Be6 8. Qd2 0-0 9. 0-0 a6 10. a4 Nd4 11. Nd1 Nxe2+ 12. Qxe2 Rc8 13. c4 Qd7 14. b3 b5 15. Nc3 b4 16. Nd1 Ne8 17. Bxe7 Qxe7 18. Ne3 f5 19. Nd5 Bxd5 20. exd5 Nf6 21. d4 cxd4 22. Nxd4 f4 23. f3 Nd7 24. Ne6 Rf6 25. Rfe1 Nc5 26. Nxc5 Rxc5 27. Rac1 Rf8 28. Qe4 Qg5 29. Kh1 Qg3 30. Qc2 g5 31. Rf1 Qh4 32. Qf2 Qh5 33. g3 Qxh3+ 34. Qh2 Qxh2+ 35. Kxh2 fxg3+ 36. Kg2 Rf4 37. Kxg3 Kg7 38. Rf2 Kg6 39. Rh1 Rc8 40. Rfh2 Rh8 41. Rh6+ Kf5 42. Rxd6 e4 43. fxe4+ Rxe4 44. Rxa6 Re3+ 45. Kf2 Rxb3 46. Ra7 Rb2+ 47. Ke1 Rb1+ 48. Kd2 Rxh1 0-1

[Event "Colonia de Sant Jordi op-B"]
[Site "Colonia de Sant Jordi"]
[Date "2022.06.03"]
[Round "2"]
[White "Marin Ferragut, Lluc"]
[Black "Couvrat Desvergnes, Thierry"]
[Result "1-0"]
[WhiteElo "1049"]
[BlackElo "1344"]
[PlyCount "78"]
[EventDate "2022.06.03"]
[EventType "swiss"]
[EventRounds "6"]
[EventCountry "ESP"]
[SourceTitle "CBM 208 Extra"]
[Source "ChessBase"]
[SourceDate "2022.07.31"]
[SourceVersion "1"]
[SourceVersionDate "2022.07.31"]
[SourceQuality "1"]

1. e4 e5 2. Nf3 f5 3. Nc3 d6 4. g3 Nf6 5. d3 Nc6 6. Bg5 Be7 7. Bg2 h6 8. Be3 Ng4 9. h3 Nxe3 10. fxe3 Bg5 11. Qe2 Qe7 12. h4 Bf6 13. Nd5 Qf7 14. Qf2 Be6 15. c4 Bxd5 16. cxd5 Nb4 17. Qd2 Na6 18. Qc2 Nb4 19. Qc3 a5 20. a3 Na6 21. 0-0-0 Nc5 22. Kb1 fxe4 23. dxe4 0-0 24. Rc1 Qg6 25. Rh3 Rfc8 26. Nd2 Be7 27. h5 Qf6 28. Rf1 Qg5 29. Nf3 Qg4 30. Nd2 Bg5 31. Nc4 Nxe4 32. Qc2 Rf8 33. Rxf8+ Rxf8 34. Qxe4 Qd1+ 35. Ka2 Rf2 36. Bf3 Rxf3 37. Qg6 Rf8 38. Qe6+ Kh8 39. Qd7 a4 1-0